000 00252nam a2200097Ia 4500
082 _aEF MAST
245 0 _aDeath mask
100 _a MASTERTON, Graham New York City, 2009
_984565
942 _cBK
008 210817s9999 xx 000 0 und d
999 _c422930
_d422929